| 000 | 00962ctm a22001935a 4500 | ||
|---|---|---|---|
| 001 | L156818 | ||
| 008 | 120717s1824 xxk f 000 0 eng d | ||
| 035 | _a(Sirsi) u156818 | ||
| 041 | 0 | _aeng | |
| 100 | 1 | _aLenny, J. G. | |
| 245 | 0 | 0 |
_aPlans and particulars of an estate the property of the Revd. Robert Davers, Bradfield Saint George, Bradfield Saint Clare, Felsham and Cockfield in Suffolk _h[manuscript] |
| 260 |
_a[S.l.] _bJ. G. Lenny, Surveyor _c1824 |
||
| 300 |
_a1v _bcol. ill. _c25 cm. |
||
| 520 | _aThis item is a manuscript survey of an estate in Suffolk, carried out by J. G. Lenny in 1824. The plans are hand coloured. There is a dedication at the front, reading: "To the Revd. Robert Davers, the following Plans are most respectfully inscribed by his greatly obliged and most obedient faithful servant. J. G. Lenny. | ||
| 583 |
_aCondition reviewed _c20120620 _lcondition level 1 |
||
| 651 | 4 | _aSuffolk | |
| 690 |
_aGeomatics _96242 |
||
| 942 | _n0 | ||
| 999 |
_c114434 _d114434 |
||